| 000 | 00988cam a2200265 a 4500 | ||
|---|---|---|---|
| 001 | 000017341 | ||
| 005 | 20200929165103.0 | ||
| 008 | 910418s1991 flub b s001 0 eng | ||
| 020 | _a0813010756 | ||
| 040 |
_aDO-SdBNP _cDLC _dDLC _dBNPHU |
||
| 041 | 1 | 7 |
_aeng _hspa _2Código de idioma MARC |
| 082 |
_aNNNN _bM678c |
||
| 245 | 0 | 0 |
_aMissions to the Calusa / _cedited and translated by John H. Hann ; introduction by William H. Marquardt. |
| 260 |
_aGainesville : _bUniversity of Florida Press ; _bFlorida Museum of Natural History, _c1991. |
||
| 300 |
_axix, 460 p. : _bmap ; _c24 cm. |
||
| 490 | 0 | _aRipley P. Bullen | |
| 500 | 0 | _aColumbus quincentenary | |
| 500 | _aTranslations from Spanish. | ||
| 504 | _aIncludes bibliographical references (p. 433-434) and index. | ||
| 650 | 0 |
_aCalusa indians _xHistory _xSources. _937993 |
|
| 650 | 0 |
_aCalusa indians _xMissions. _937994 |
|
| 700 | 1 |
_aMarquardt, William H., _eintr. _937995 |
|
| 700 | 1 |
_aHann, John H., _etr. _937996 |
|
| 049 | _aBNGR | ||
| 999 |
_c16866 _d16866 |
||